000 00718nam a22002057a 4500
003 0
005 20250129100050.0
008 150826b xxu||||| |||| 00| 0 eng d
050 _aPGS GV 709.2
_b.Ag275 2015
100 _aAgoncillo, Lorenzo V.
245 _aSports involvement and time management /
_cLorenzo V. Agoncillo.
260 _aLas PiƱas City, Philippines :
_bSouthville International School and Colleges,
_c2015.
300 _a27 p. :
_bill. ;
_c28 cm.
_fPASS
504 _aIncludes bibliographical references.
650 _aSports for children.
650 _aTime management
_vPsychological aspects.
650 _aSports
_vPsychological aspects.
650 _aGrade 6 (Education).
942 _2lcc
_cPASS
999 _c288510
_d288510